Introduction to environment management / (Record no. 80480)

MARC details
000 -LEADER
fixed length control field 00763nam a22002537a 4500
005 - DATE AND TIME OF LATEST TRANSACTION
control field 20140820111753.0
010 ## - LCCN (DPL NO)
LC control number ENG-108633
020 ## - INTERNATIONAL STANDARD BOOK NUMBER
International Standard Book Number 9788120348356
Terms of availability 395.00
035 ## - SYSTEM CONTROL NUMBER
System control number EN-92166
035 ## - SYSTEM CONTROL NUMBER
System control number B-536832-836
037 ## - SOURCE OF ACQUISITION
Source of stock number/acquisition DBAD/PUB
037 ## - SOURCE OF ACQUISITION
Source of stock number/acquisition UBH/Ven
Stock number dpl
082 ## - DEWEY DECIMAL CLASSIFICATION NUMBER
Classification number 333.95
100 ## - MAIN ENTRY--PERSONAL NAME
Personal name Sulphey, M. M.
245 ## - TITLE STATEMENT
Title Introduction to environment management /
Statement of responsibility, etc by M.M. Sulphey
250 ## - EDITION STATEMENT
Edition statement 2nd ed
260 ## - PUBLICATION, DISTRIBUTION, ETC. (IMPRINT)
Place of publication, distribution, etc Delhi
Date of publication, distribution, etc 2013
Name of publisher, distributor, etc PHI Learning
270 ## - ADDRESS
Address Rimjhim House, 111, Patparganj
City New Delhi
Postal code 110092
300 ## - PHYSICAL DESCRIPTION
Extent xxiv,396p.
Dimensions 24cm(pbk)
500 ## - GENERAL NOTE
General note Includes index
600 ## - SUBJECT ADDED ENTRY--PERSONAL NAME
Dates associated with a name
942 ## - ADDED ENTRY ELEMENTS (KOHA)
Source of classification or shelving scheme Dewey Decimal Classification
Item type English Books
Call number suffix SUL
Classification part 333.95
Holdings
Withdrawn status Lost status Not for loan Collection code Home library Current library Date acquired Source of acquisition Cost, normal purchase price Full call number Barcode Copy number Cost, replacement price Koha item type
    Not For Loan Non-fiction D.B.Act.Division D.B.Act.Division 31/10/2013 DBAD/PUB 395.00 333.95 SUL EN-92166 1 395.00 English Books
      Non-fiction Karol Bagh Karol Bagh 19/08/2014 UBH/317/28.03.2014/148/25.03.2014/31.03.2014 395.00 333.95 SUL B-536835 1 395.00 English Books
      Non-fiction Patel Nagar Patel Nagar 19/08/2014 UBH/317/28.03.2014/148/25.03.2014/31.03.2014 395.00 333.95 SUL B-536832 1 395.00 English Books
      Non-fiction Sarojini Nagar Sarojini Nagar 19/08/2014 UBH/317/28.03.2014/148/25.03.2014/31.03.2014 395.00 333.95 SUL B-536833 1 395.00 English Books
      Non-fiction Shahdara Branch Shahdara Branch 19/08/2014 UBH/317/28.03.2014/148/25.03.2014/31.03.2014 395.00 333.95 SUL B-536836 1 395.00 English Books
      Non-fiction Vinoba Puri Vinoba Puri 19/08/2014 UBH/317/28.03.2014/148/25.03.2014/31.03.2014 395.00 333.95 SUL B-536834 1 395.00 English Books

© Delhi Public Library
Hit Counter
free hit counter